000 00639nam a2200253Ia 4500
001 Para_2607
003 CHAP
008 220125s9999 xx 000 0 und d
010 _a201159
040 _cCHAP
082 _aPA-C 595.752 B34
100 _aBaker, Arthur Challen
_99527
245 _aThe aphidae of North América /
_c Arthur C. Baker
260 _a-s.p.i.- :
_b
300 _a81s7 h.
650 _aAfididos
_x E.U.A.
_9166023
901 _aPA-C 595.752 B34
902 _aA
905 _a000000 -SP 0000000000 00
910 _a
942 _cPARA
942 _cPARA
_d1
999 _c201159
_d201159